Política fiscal para el desarrollo /

Uloženo v:
Podrobná bibliografie
Hlavní autor: Osterlof Obregón, Doris
Médium: Text
Vydáno: Costa Rica : Centro de Estudios Democráticos de América Latina. CEDAL
Témata:
Tagy: Přidat tag
Žádné tagy, Buďte první, kdo vytvoří štítek k tomuto záznamu!

MARC

LEADER 00000 a a2200000 04500
001 37808
003
040
020 |a 9977-956-36-7  
022 |a 9977-956-36-7  
090 |a 1002 O85p  
100 |a Osterlof Obregón, Doris  
245 |a Política fiscal para el desarrollo /  |c Osterlof Obregón Doris  
260 |a Costa Rica :   |b Centro de Estudios Democráticos de América Latina. CEDAL  
300 |a 225 p.  
650 |a POLITICA FISCAL  
650 |a DESARROLLO  
650 |a SOCIEDAD  
650 |a DEMOCRACIA  
650 |a SALARIOS  
650 |a TRIBUTACION  
650 |a COSTA RICA  
999 |c 15761  |d 15761